Right to nature ecological: (Registro nro. 1022)

Detalles MARC
000 -CABECERA
Campo de control 00843nam a2200277 a 4500
005 - FECHA Y HORA DE LA ULTIMA TRANSACCION
Campo de control 20180803164850.0
008 - ELEMENTOS DE LONGITUD FIJA—INFORMACION GENERAL
Campo de control 140224b1996 wau||||| |||| 00| 0 eng d
020 ## - ISBN
ISBN 55963490
040 ## - FUENTE DE CATALOGACIÓN
Agencia catalogadora original CO-BoIAVH
Agencia transcriptora CO-BoIAVH
041 ## - IDIOMA
Código de idioma para texto/pista de sonido o título separado Inglés
044 ## - PAÍS DE PUBLICACIÓN
País de publicación Estados Unidos
082 ## - NUMERO DE CLASIFICACION DECIMAL DEWEY
Número de clasificación 333.70
Número del ítem S96r
100 ## - ASIENTO PRINCIPAL--NOMBRE PERSONAL
Nombre personal Hanna, Susan S.
9 (RLIN) 10397
245 10 - MENCION DE TITULO
Título Right to nature ecological:
Parte restante del título ecological, economic, cultural, and political principles of institutions for the enviroment
260 ## - PUBLICACION, DISTRIBUCION, ETC. (PIE DE IMPRENTA)
Lugar de publicación, distribución, etc. Washington.
Nombre del editor, distribuidor, etc. s.e
Fecha de publicación, distribución, etc. 1996
300 ## - DESCRIPCION FISICA
Extensión 298. páginas
Dimensiones 22 x 14
650 14 - ASIENTO SECUNDARIO DE MATERIA - TERMINO TEMATICO
Término temático o nombre geográfico como elemento de entrada Medio ambiente
9 (RLIN) 92195
650 14 - ASIENTO SECUNDARIO DE MATERIA - TERMINO TEMATICO
Término temático o nombre geográfico como elemento de entrada Economía
9 (RLIN) 84029
650 14 - ASIENTO SECUNDARIO DE MATERIA - TERMINO TEMATICO
Término temático o nombre geográfico como elemento de entrada Política
9 (RLIN) 84030
650 14 - ASIENTO SECUNDARIO DE MATERIA - TERMINO TEMATICO
Término temático o nombre geográfico como elemento de entrada Recursos naturales
9 (RLIN) 84031
650 14 - ASIENTO SECUNDARIO DE MATERIA - TERMINO TEMATICO
Término temático o nombre geográfico como elemento de entrada Legislación
9 (RLIN) 84032
650 14 - ASIENTO SECUNDARIO DE MATERIA - TERMINO TEMATICO
Término temático o nombre geográfico como elemento de entrada Medio ambiente
9 (RLIN) 92195
700 ## - ASIENTO SECUNDARIO - NOMBRE PERSONAL
Nombre personal Folke, Carl
9 (RLIN) 10400
700 ## - ASIENTO SECUNDARIO - NOMBRE PERSONAL
Nombre personal Mäler, Göran
9 (RLIN) 10401
942 ## - ELEMENTOS ADICIONALES (KOHA)
Tipo de ítem Libro
Sistema de clasificación Dewey Decimal Classification
Existencias
Withdrawn status Lost status Sistema de Clasificación Damaged status No para préstamo Colección Inventariado Ubicación Permanente Ubicación actual Fecha de adquisición Fuente de Valor Valor Total Checkouts Número topográfico Inventario / Código de Barras Date last seen Ejemplar Price effective from Forma de adquisición Tipo de material
    Dewey Decimal Classification     General Inventariado 2017 Sala Fabio Quevedo Sala Fabio Quevedo 20/01/1999 Instituto 39000.00   LB-333.70 S96r 004812 04/12/2012 Ej. 1 04/12/2012 Donación Libro